The mystery of Cloomber /

Bibliographic Details
Main Author: Doyle, Arthur Conan, 1859-1930
Format: Book
Language:English
Published: Bloomington, Ind. : Gaslight Publications, 1980.
Series:Doyle, Arthur Conan, 1859-1930. Conan Doyle centennial series.

MARC

Tag First Indicator Second Indicator Subfields
LEADER 00000cam a2200000 a 4500
001 in00000097661
005 20150924085343.0
008 810317s1980 inua 00011 engm
010 |a  80065206  
020 |a 0934468419 
035 |a (OCoLC)06780890 
035 |9 AAK9285AM 
039 0 |a 2  |b 3  |c 3  |d 3  |e 3 
040 |a DLC  |c DLC  |d m.c.  |d TXA  |d UtOrBLW 
049 |a TXAM  |c [985929] 
050 0 0 |a PR4622  |b  M9 1980 
082 0 |a 823/.8  |a B  |2 19 
100 1 |a Doyle, Arthur Conan,  |d 1859-1930. 
245 1 4 |a The mystery of Cloomber /  |c A. Conan Doyle ; illustrated by Paul M. McCall ; afterword by Jack Tracy. 
264 1 |a Bloomington, Ind. :  |b Gaslight Publications,  |c 1980. 
300 |a 195 pages :  |b illustrations ;  |c 23 cm. 
336 |a text  |b txt  |2 rdacontent 
337 |a unmediated  |b n  |2 rdamedia 
338 |a volume  |b nc  |2 rdacarrier 
490 1 |a Conan Doyle centennial series 
500 |a Originally published: London : Ward and Downey, 1888. 
800 1 |a Doyle, Arthur Conan,  |d 1859-1930.  |t Conan Doyle centennial series. 
999 |a MARS 
999 f f |s 7136622d-52ea-3fd8-b8fe-4feb1a478a7e  |i 5dee662b-4847-36f5-891d-61cc55d27736  |t 0 
952 f f |p normal  |a Texas A&M University  |b College Station  |c Sterling C. Evans Library  |d Evans: Library Stacks  |t 0  |e PR4622 M9 1980  |h Library of Congress classification  |i unmediated -- volume  |m A14806017426 
998 f f |a PR4622 M9 1980  |t 0  |l Evans: Library Stacks